Normal view
MARC view
Entry Topical Term
001 - CONTROL NUMBER
- control field: 28342
003 - CONTROL NUMBER IDENTIFIER
- control field: OSt
005 - DATE AND TIME OF LATEST TRANSACTION
- control field: 20240813140718.0
008 - FIXED-LENGTH DATA ELEMENTS
- fixed length control field: 240813|| aca||aabn | a|a d
040 ## - CATALOGING SOURCE
- Original cataloging agency: OSt
- Transcribing agency: OSt
150 ## - HEADING--TOPICAL TERM
- Topical term or geographic name entry element:
- Form subdivision: Adventure stories
- Form subdivision: Dwarfs
- Form subdivision: Fantasy
- Form subdivision: Fiction
- Form subdivision: Magic
670 ## - SOURCE DATA FOUND
- Source citation: Work cat.: (OSt): Gardiner, Alex. 28341, Mossbelly macfearsome and the dwarves of doom / , 2019